Nástroje pro frézování litiny

Podrobná bibliografia
Hlavný autor: Roček, Vladimír (Author)
Médium: Článok
Jazyk:Czech
Témy:
Zdroj: 1. Technik 1. 1210-616X 1. Roč. 9, č. 12 (2001), s. 8-9
LEADER 00772nab#a2200325#ar4500
001 000094271
003 SVKKK
005 20090305092934.0
008 090305c2001 xo |||||||||||||||b|cze
FMT
015 |a SNBRB2009/03 
038 |a SVKKK 
040 |a SVKKK  |b slo  |e AACR2 
041 0 |a cze 
044 |a xr  |c CZ 
080 |a 669.13  |2 1997 
080 |a 621.914  |2 1997 
100 1 |a Roček, Vladimír  |4 aut 
245 1 0 |a Nástroje pro frézování litiny  |c Vladimír Roček 
300 |b Obr. 
504 |a Bibliogr. odkazy 
650 0 4 |a liatiny  |x frézovanie  |x rezné nástroje 
773 0 |t Technik  |x 1210-616X  |g Roč. 9, č. 12 (2001), s. 8-9 
958 |a RK 
958 |a NB 
974 |a Ma 
992 |a RBX 
BAS
852 |a SVKKK  |b BIB 
998 |a HUT